[Event "Barbera op "]
[Site "?"]
[Date "2012.07.12"]
[Round "9"]
[White "Dukaczewski, P."]
[Black "Diaz Camallonga, C."]
[Result "0-1"]
[WhiteElo "2249"]
[BlackElo "2144"]
[PlyCount "80"]
[EventDate "2012.??.??"]
[EventType "swiss"]
[EventRounds "9"]

1. c4 Nf6 2. Nc3 d5 3. cxd5 Nxd5 4. g3 g6 5. Bg2 Nb6 6. Nf3 Bg7 7. O-O O-O 8.
d3 Nc6 9. Be3 e5 10. Qd2 Bf5 11. Bh6 Qd7 12. Rfd1 Rad8 13. Rac1 Rfe8 14. Bxg7
Kxg7 15. Ng5 Qe7 16. Qe3 Bc8 17. Bxc6 bxc6 18. Nf3 f5 19. Nd2 h5 20. Nb3 h4 21.
Na5 hxg3 22. fxg3 Rd6 23. Qc5 Qf6 24. Rf1 Qe6 25. b3 Rh8 26. Nd1 f4 27. Nf2 Bd7
28. e4 g5 29. Rfd1 Be8 30. d4 Nd7 31. Qc3 exd4 32. Rxd4 Ne5 33. Kg2 Rxd4 34.
Qxd4 Qf6 35. Qc3 fxg3 36. hxg3 Rf8 37. Rc2 Bg6 38. Qe3 Ng4 39. Qxa7 Qf3+ 40.
Kf1 Ne3+ 0-1

[Event "Barbera op "]
[Site "?"]
[Date "2012.07.12"]
[Round "9"]
[White "Fenollar Jorda, M."]
[Black "Bergez, L."]
[Result "0-1"]
[WhiteElo "2354"]
[BlackElo "2420"]
[PlyCount "104"]
[EventDate "2012.??.??"]
[EventType "swiss"]
[EventRounds "9"]

1. d4 Nf6 2. c4 g6 3. Nc3 Bg7 4. e4 O-O 5. Bg5 d6 6. Qd2 c5 7. d5 b5 8. cxb5 a6
9. Nf3 Qa5 10. bxa6 Nbd7 11. Be2 Bxa6 12. Bxa6 Qxa6 13. Qe2 Rfb8 14. Rb1 Ne8
15. Qxa6 Rxa6 16. O-O Rab6 17. Na4 Rb4 18. b3 f6 19. Bd2 Rxe4 20. Rfe1 Rxe1+
21. Rxe1 Kf8 22. Ba5 h6 23. g4 Ra8 24. Bc3 Nc7 25. Rd1 Kf7 26. Nh4 Rh8 27. Ng2
h5 28. h3 hxg4 29. hxg4 f5 30. gxf5 gxf5 31. Bxg7 Kxg7 32. Ne3 Kf6 33. Nc4 Kg5
34. Nab6 Nf6 35. Kg2 Rh4 36. Rd3 Nh5 37. Rd2 Nf4+ 38. Kg1 Nb5 39. a4 Nd4 40.
Rxd4 Ne2+ 41. Kg2 Nxd4 42. a5 Nb5 43. a6 Na7 44. Nd7 Rd4 45. Ndb6 Rd1 46. Na5
Ra1 47. Na4 Nc8 48. Kf3 f4 49. Ke4 Rd1 50. Nc6 Kg4 51. Nc3 Ra1 52. Na4 c4 0-1

[Event "Barbera op "]
[Site "?"]
[Date "2012.07.12"]
[Round "9"]
[White "Gomez Ledo, RC."]
[Black "Canal Oliveras, J."]
[Result "1-0"]
[WhiteElo "2428"]
[BlackElo "2226"]
[PlyCount "125"]
[EventDate "2012.??.??"]
[EventType "swiss"]
[EventRounds "9"]

1. d4 f5 2. e4 fxe4 3. Nc3 Nf6 4. Bg5 Nc6 5. Nge2 g6 6. d5 Ne5 7. Ng3 Bg7 8.
Ngxe4 d6 9. Qd2 Nxe4 10. Nxe4 Bf5 11. Ng3 O-O 12. Be2 Qd7 13. O-O Rae8 14. Be3
Ng4 15. Bd4 e5 16. dxe6 Bxe6 17. Bxg7 Qxg7 18. Bxg4 Bxg4 19. b3 b6 20. Rae1 Bd7
21. h3 Bc6 22. Rxe8 Rxe8 23. Re1 Rxe1+ 24. Qxe1 Kf8 25. Qe3 Qe5 26. Qh6+ Qg7
27. Qh4 Ke8 28. Nf1 Kd7 29. Qg4+ Kd8 30. Qc4 Bb7 31. Qe6 a5 32. a4 Qe7 33. Qc4
Qg7 34. Qe6 Qe7 35. Qg8+ Kd7 36. Ne3 Be4 37. Kf1 h5 38. Qc4 Qe6 39. Qc3 Qe5 40.
Qc4 Qe6 41. Qb5+ Bc6 42. Qg5 Kc8 43. h4 Kb7 44. f3 d5 45. Kf2 d4 46. Nc4 Qf5
47. Qxf5 gxf5 48. Ne5 Be8 49. Ke2 b5 50. axb5 Bxb5+ 51. Kd2 c5 52. g4 fxg4 53.
fxg4 hxg4 54. Nxg4 c4 55. h5 cxb3 56. cxb3 a4 57. bxa4 Be8 58. h6 Bg6 59. Ne5
Bf5 60. Nf3 d3 61. Ne5 Kb6 62. Nxd3 Ka5 63. Nb2 1-0

[Event "Barbera op "]
[Site "?"]
[Date "2012.07.12"]
[Round "9"]
[White "Gonzalez Garcia, J."]
[Black "Fernandez Cardoso, A."]
[Result "1/2-1/2"]
[WhiteElo "2518"]
[BlackElo "2427"]
[PlyCount "61"]
[EventDate "2012.??.??"]
[EventType "swiss"]
[EventRounds "9"]

1. d4 d5 2. c4 c6 3. Nf3 Nf6 4. cxd5 cxd5 5. Nc3 Nc6 6. Bf4 Bf5 7. e3 e6 8. Qb3
Bb4 9. Bb5 O-O 10. Bxc6 Bxc3+ 11. Qxc3 Rc8 12. Ne5 Ng4 13. Nxg4 Bxg4 14. Qb4
Rxc6 15. Qxb7 Qc8 16. Qxc8 Rfxc8 17. O-O Be2 18. Rfe1 Rc2 19. b3 Rb2 20. Rec1
Rcc2 21. Rxc2 Rxc2 22. Bd6 Bd3 23. h3 Rb2 24. Rc1 Rb1 25. Rxb1 Bxb1 26. a3 Bc2
27. b4 a6 28. f3 f6 29. Kf2 Ba4 30. h4 Kf7 31. g4 1/2-1/2

[Event "Barbera op "]
[Site "?"]
[Date "2012.07.12"]
[Round "9"]
[White "Lacasta Palacio, J."]
[Black "Remolar Gallen, J."]
[Result "0-1"]
[WhiteElo "2195"]
[BlackElo "2121"]
[PlyCount "90"]
[EventDate "2012.??.??"]
[EventType "swiss"]
[EventRounds "9"]

1. Nf3 b5 2. a4 b4 3. c3 e6 4. d4 Nf6 5. Bg5 Bb7 6. e3 c5 7. Nbd2 Be7 8. Bh4
O-O 9. Bd3 d5 10. cxb4 c4 11. Bb1 Bxb4 12. Qc2 g6 13. O-O Nbd7 14. Ne5 Qa5 15.
Ndf3 c3 16. Nxd7 Nxd7 17. b3 Ba6 18. Rd1 Rfc8 19. Ne1 Nb8 20. f3 Rc6 21. Qf2
Bf8 22. Bc2 Qc7 23. Bf6 Rb6 24. Be5 Bd6 25. f4 Nc6 26. Rac1 Na5 27. Qh4 Be2 28.
Nf3 Bxf3 29. gxf3 Bxe5 30. fxe5 Nxb3 31. Bxb3 Rxb3 32. Rc2 Rc8 33. Qe1 Qa5 34.
Rdc1 Rc4 35. h4 h5 36. Kg2 Qxa4 37. Kg3 Qb4 38. f4 a5 39. f5 exf5 40. Qf2 Qb6
41. Qf3 Qc6 42. Kf4 Rb2 43. e6 Qxe6 44. Rxc3 Qd6+ 45. Kg5 Kg7 0-1

[Event "Barbera op "]
[Site "?"]
[Date "2012.07.12"]
[Round "9"]
[White "Mamedjarova, T."]
[Black "Silva Rodriguez, J."]
[Result "1-0"]
[WhiteElo "2259"]
[BlackElo "2168"]
[PlyCount "39"]
[EventDate "2012.??.??"]
[EventType "swiss"]
[EventRounds "9"]

1. e4 e6 2. b3 d5 3. exd5 exd5 4. Bb2 Nf6 5. Nf3 Be7 6. Be2 O-O 7. O-O c5 8. d4
b6 9. c4 dxc4 10. bxc4 cxd4 11. Nxd4 Bb7 12. Bf3 Qc8 13. Nf5 Re8 14. Nxe7+ Rxe7
15. Bxf6 gxf6 16. Nc3 Bxf3 17. Qxf3 Nd7 18. Nd5 Re5 19. Rae1 Qd8 20. Nxf6+ 1-0

[Event "Barbera op "]
[Site "?"]
[Date "2012.07.12"]
[Round "9"]
[White "Miller, JS."]
[Black "Arjun, B."]
[Result "1/2-1/2"]
[WhiteElo "2060"]
[BlackElo "2250"]
[PlyCount "40"]
[EventDate "2012.??.??"]
[EventType "swiss"]
[EventRounds "9"]

1. e4 c5 2. Nf3 d6 3. d4 cxd4 4. Qxd4 Nc6 5. Bb5 Bd7 6. Bxc6 Bxc6 7. Nc3 Nf6 8.
Bg5 e6 9. O-O-O Be7 10. Bf4 O-O 11. Bxd6 Qxd6 12. Qxd6 Bxd6 13. Rxd6 Bxe4 14.
Nxe4 Nxe4 15. Rd7 b6 16. Rf1 Rfd8 17. Rfd1 Rxd7 18. Rxd7 Nxf2 19. Ng5 Ng4 20.
Rxf7 e5 1/2-1/2

[Event "Barbera op "]
[Site "?"]
[Date "2012.07.12"]
[Round "9"]
[White "Narciso Dublan, M."]
[Black "Vehi Bach, VM."]
[Result "1-0"]
[WhiteElo "2539"]
[BlackElo "2362"]
[PlyCount "73"]
[EventDate "2012.??.??"]
[EventType "swiss"]
[EventRounds "9"]

1. d4 Nf6 2. c4 e6 3. Nf3 d5 4. Nc3 Bb4 5. Qa4+ Nc6 6. Ne5 Bd7 7. Nxd7 Qxd7 8.
a3 Bxc3+ 9. bxc3 Ne4 10. f3 Nd6 11. c5 Nc4 12. e4 N6a5 13. Qc2 f5 14. exf5 exf5
15. Bd3 O-O 16. Kf2 Rae8 17. g3 b6 18. cxb6 axb6 19. Bf4 h6 20. h4 Nb7 21. Bxc4
dxc4 22. Rhe1 Na5 23. Rxe8 Rxe8 24. Re1 Rxe1 25. Kxe1 Nb7 26. Qe2 Qf7 27. Qe5
Nd6 28. Kf2 Kf8 29. a4 Nc8 30. a5 bxa5 31. Qxa5 Kg8 32. Qc5 Kh7 33. Ke2 Qe6+
34. Be5 c6 35. Kd2 Kg6 36. Qf8 Qf7 37. h5+ 1-0

[Event "Barbera op "]
[Site "?"]
[Date "2012.07.12"]
[Round "9"]
[White "Palit, S."]
[Black "Quesada Perez, Y."]
[Result "1/2-1/2"]
[WhiteElo "2393"]
[BlackElo "2626"]
[PlyCount "106"]
[EventDate "2012.??.??"]
[EventType "swiss"]
[EventRounds "9"]

1. d4 Nf6 2. Nc3 d5 3. Bg5 Nbd7 4. Qd3 c6 5. e4 dxe4 6. Nxe4 Nxe4 7. Qxe4 Nf6
8. Bxf6 gxf6 9. Bc4 Qa5+ 10. c3 Qf5 11. Qe2 Qg6 12. f4 Rg8 13. g3 Bg4 14. Nf3
Qh5 15. Rf1 e6 16. O-O-O O-O-O 17. Qe3 Kb8 18. Rd2 Bh6 19. Rff2 Rge8 20. Ng1 e5
21. dxe5 fxe5 22. Rxd8+ Rxd8 23. Be2 exf4 24. gxf4 Bxe2 25. Nxe2 Qd5 26. Kb1
Qf5+ 27. Kc1 Qd5 28. Kb1 f6 29. a3 Bf8 30. Nd4 Bc5 31. Rd2 Ka8 32. Qe2 a6 33.
Nb3 Qf5+ 34. Ka1 Rxd2 35. Qxd2 Bb6 36. Qd6 Qd5 37. Qxd5 cxd5 38. Nd4 Kb8 39.
Kb1 Kc8 40. Kc2 Bc7 41. Ne2 Kd7 42. Kd3 Bb6 43. Nd4 Bxd4 44. Kxd4 Ke6 45. h3
Kd6 46. a4 b6 47. b4 Kc6 48. b5+ axb5 49. axb5+ Kd6 50. c4 dxc4 51. Kxc4 Ke6
52. Kd4 f5 53. Kc4 Kd6 1/2-1/2

[Event "Barbera op "]
[Site "?"]
[Date "2012.07.12"]
[Round "9"]
[White "Perez Mañas, B."]
[Black "Moreno Ruiz, J."]
[Result "0-1"]
[WhiteElo "2250"]
[BlackElo "2504"]
[PlyCount "66"]
[EventDate "2012.??.??"]
[EventType "swiss"]
[EventRounds "9"]

1. e4 e6 2. d4 d5 3. Nd2 Nf6 4. Bd3 c5 5. e5 Nfd7 6. c3 Nc6 7. Ne2 cxd4 8. cxd4
Qb6 9. Nf3 f6 10. exf6 Nxf6 11. O-O Bd6 12. Nc3 O-O 13. Bg5 Kh8 14. Na4 Qc7 15.
Bh4 e5 16. dxe5 Nxe5 17. Nxe5 Bxe5 18. Bg3 Bxg3 19. hxg3 Bg4 20. Qd2 Rad8 21.
Rac1 Qf7 22. Qg5 b6 23. Nc3 d4 24. Nb5 Qxa2 25. f3 Be6 26. Ra1 Qb3 27. Ra3 Qb4
28. Rxa7 Rf7 29. Rxf7 Bxf7 30. Qf4 Qe7 31. Rd1 Bb3 32. Rd2 Qe3+ 33. Kf1 Nh5 0-1

[Event "Barbera op "]
[Site "?"]
[Date "2012.07.12"]
[Round "9"]
[White "Perez Mitjans, O."]
[Black "Gonzalez Perez, A."]
[Result "0-1"]
[WhiteElo "2504"]
[BlackElo "2452"]
[PlyCount "76"]
[EventDate "2012.??.??"]
[EventType "swiss"]
[EventRounds "9"]

1. e4 c5 2. Nf3 Nc6 3. d4 cxd4 4. Nxd4 g6 5. Nc3 Bg7 6. Be3 Nf6 7. Nb3 O-O 8.
Be2 d6 9. O-O Be6 10. h3 a5 11. a3 d5 12. exd5 Nxd5 13. Nxd5 Qxd5 14. Qxd5 Bxd5
15. Rab1 a4 16. Nd2 Nd4 17. Bd3 Rac8 18. c3 Nb3 19. Nxb3 Bxb3 20. Rfe1 Rfd8 21.
Be4 Rd7 22. Rbc1 f5 23. Bc2 Bxc2 24. Rxc2 e5 25. f4 e4 26. Kf2 Kf7 27. c4 Rd3
28. g4 Rcd8 29. gxf5 gxf5 30. c5 Bf6 31. Kf1 Bh4 32. Bf2 Rf3 33. c6 bxc6 34.
Re3 Rxf4 35. Rec3 Rd3 36. Rxc6 Rdf3 37. Rc7+ Kg6 38. R2c6+ Bf6 0-1

[Event "Barbera op "]
[Site "?"]
[Date "2012.07.12"]
[Round "9"]
[White "Perpinya Rofes, LM."]
[Black "Escobar Forero, A."]
[Result "0-1"]
[WhiteElo "2401"]
[BlackElo "2487"]
[PlyCount "104"]
[EventDate "2012.??.??"]
[EventType "swiss"]
[EventRounds "9"]

1. e4 c5 2. Nf3 d6 3. d4 Nf6 4. Nc3 cxd4 5. Nxd4 a6 6. Be2 e5 7. Nb3 Be7 8. O-O
O-O 9. Kh1 Nc6 10. f3 Nh5 11. Nd5 Bg5 12. Bxg5 Qxg5 13. Nb6 Rb8 14. Bc4 Qd8 15.
Nxc8 Rxc8 16. Bd5 Nb4 17. c3 Nxd5 18. Qxd5 Qb6 19. Rad1 Rfd8 20. Qa5 Qe3 21.
Qb4 b5 22. Rd2 Rc6 23. a4 d5 24. g4 Nf4 25. axb5 axb5 26. Qe7 Rcc8 27. Qxe5 d4
28. Rdd1 Rd5 29. Qxf4 Qxf4 30. exd5 dxc3 31. bxc3 Rxc3 32. Nd4 Rc4 33. Nf5 Rc2
34. Ng3 Rd2 35. Rde1 g6 36. Re4 Qh6 37. Ne2 Rxd5 38. Rc1 Rd2 39. Kg2 Qg5 40.
Kg3 Kg7 41. Rc7 Rd6 42. Nf4 Kf8 43. Rc8+ Rd8 44. h4 Qf6 45. g5 Qd6 46. Rxd8+
Qxd8 47. Ne2 Qd6+ 48. Kg4 b4 49. Nd4 Qd5 50. h5 b3 51. Ne2 Qf5+ 52. Kg3 Qxg5+
0-1

[Event "Barbera op "]
[Site "?"]
[Date "2012.07.12"]
[Round "9"]
[White "Ruiz Sanchez, O."]
[Black "Arizmendi Martinez, JL."]
[Result "0-1"]
[WhiteElo "2416"]
[BlackElo "2559"]
[PlyCount "150"]
[EventDate "2012.??.??"]
[EventType "swiss"]
[EventRounds "9"]

1. e4 e6 2. d4 d5 3. Nc3 Bb4 4. exd5 exd5 5. Bd3 Nc6 6. a3 Bxc3+ 7. bxc3 Be6 8.
Rb1 b6 9. Qf3 Nge7 10. Ne2 Qd7 11. O-O Bf5 12. Nf4 Bxd3 13. cxd3 O-O 14. Nh5
Qf5 15. Bf4 Rac8 16. h4 f6 17. g4 Qd7 18. Rfe1 Ng6 19. Qg3 Nd8 20. Re3 Nf7 21.
Rbe1 Rfe8 22. g5 Rxe3 23. Rxe3 fxg5 24. Bxg5 Nxg5 25. Qxg5 Rf8 26. Rg3 Qf5 27.
f4 c6 28. Kh2 Qe6 29. Nxg7 Kxg7 30. h5 Rf5 31. Qg4 Qf7 32. hxg6 hxg6 33. Rf3
Qe7 34. Rg3 Qf7 35. Rf3 Qe7 36. Rg3 Qf6 37. Rf3 b5 38. Kg2 Qd6 39. Kh2 Qxa3 40.
Rg3 Rf6 41. Qd7+ Kg8 42. Rh3 Qd6 43. Qh7+ Kf8 44. Qh8+ Ke7 45. Qg7+ Ke8 46.
Rh8+ Rf8 47. Rxf8+ Qxf8 48. Qxg6+ Kd7 49. Qg4+ Kc7 50. f5 a5 51. Qg6 a4 52. f6
a3 53. Qg7+ Qxg7 54. fxg7 a2 55. g8=Q a1=Q 56. Qg3+ Kb7 57. Qg7+ Kb6 58. c4
dxc4 59. dxc4 Qa2+ 60. Kg3 Qxc4 61. Qe5 Ka5 62. Kf2 Ka4 63. d5 Qxd5 64. Qa1+
Kb4 65. Qe1+ Kc5 66. Qa5 Qd4+ 67. Ke2 Qb2+ 68. Ke3 Qb3+ 69. Ke2 Kc4 70. Qc7
Qc2+ 71. Ke1 Qc1+ 72. Ke2 Qc2+ 73. Ke1 Kb3 74. Qf7+ Kb2 75. Kf1 Qc4+ 0-1

[Event "Barbera op "]
[Site "?"]
[Date "2012.07.12"]
[Round "9"]
[White "Sanchez Ibern, M."]
[Black "Isgandarova, K."]
[Result "1-0"]
[WhiteElo "2364"]
[BlackElo "2206"]
[PlyCount "75"]
[EventDate "2012.??.??"]
[EventType "swiss"]
[EventRounds "9"]

1. e4 e6 2. d4 d5 3. Nd2 Nf6 4. e5 Nfd7 5. Bd3 c5 6. c3 Nc6 7. Ne2 cxd4 8. cxd4
f6 9. Nf4 Nxd4 10. Qh5+ Ke7 11. exf6+ Nxf6 12. Ng6+ hxg6 13. Qxh8 Kf7 14. O-O
e5 15. Nb3 Nxb3 16. axb3 e4 17. Be2 Qb6 18. Bf4 Be6 19. Rfc1 Re8 20. Rc7+ Be7
21. Qh4 Kg8 22. Qg3 Bd8 23. Rcc1 Bf7 24. Bc7 Qd4 25. Bxd8 Rxd8 26. Qc3 Qb6 27.
Qc7 Rd6 28. Rxa7 Qxa7 29. Qxd6 d4 30. Qc5 Qxc5 31. Rxc5 d3 32. Bd1 Nd5 33. Kf1
e3 34. fxe3 Nxe3+ 35. Ke1 Nxg2+ 36. Kd2 Nf4 37. b4 Bd5 38. Rxd5 1-0

[Event "Barbera op "]
[Site "?"]
[Date "2012.07.12"]
[Round "9"]
[White "Shatko, D."]
[Black "Uribe Arteaga, D."]
[Result "0-1"]
[WhiteElo "2143"]
[BlackElo "2272"]
[PlyCount "82"]
[EventDate "2012.??.??"]
[EventType "swiss"]
[EventRounds "9"]

1. d4 Nf6 2. c4 e6 3. Nc3 c5 4. d5 d6 5. e4 g6 6. f4 exd5 7. cxd5 Bg7 8. Nf3
O-O 9. Be2 b5 10. e5 dxe5 11. fxe5 Ng4 12. d6 Nc6 13. Bg5 Qa5 14. O-O Ngxe5 15.
Bxb5 Bg4 16. Be2 c4 17. Nxe5 Qxe5 18. Bxg4 Qxg5 19. Bf3 Rad8 20. Kh1 Ne5 21.
Ne4 Qh4 22. Qd5 Kh8 23. Be2 f5 24. Nc5 Nf7 25. Qxc4 Qxc4 26. Bxc4 Rxd6 27. Rad1
Bxb2 28. Nd3 Bf6 29. Rb1 Rd4 30. Bxf7 Rxf7 31. Nf4 Re7 32. Rbd1 Kg7 33. g3 Kf7
34. Rxd4 Bxd4 35. g4 Re5 36. Kg2 Ra5 37. gxf5 Rxa2+ 38. Kh3 gxf5 39. Nd5 Be5
40. Rxf5+ Ke6 41. Ne3 Ra3 0-1

[Event "Barbera op "]
[Site "?"]
[Date "2012.07.12"]
[Round "9"]
[White "Vigoa Apecheche, Y."]
[Black "Mosquera, M."]
[Result "1/2-1/2"]
[WhiteElo "2269"]
[BlackElo "2395"]
[PlyCount "114"]
[EventDate "2012.??.??"]
[EventType "swiss"]
[EventRounds "9"]

1. d4 d5 2. Nf3 Nf6 3. c4 c6 4. e3 Bf5 5. cxd5 cxd5 6. Nc3 Nc6 7. Bb5 Bd7 8.
O-O e6 9. Bd3 Qc7 10. Bd2 Rc8 11. Rc1 Qb8 12. a3 Be7 13. e4 dxe4 14. Nxe4 Nxe4
15. Bxe4 O-O 16. Re1 Bf6 17. Bg5 Bxg5 18. Nxg5 h6 19. Bh7+ Kh8 20. Bc2 Qf4 21.
Nf3 Rfd8 22. Qd3 g6 23. Qe3 Qxe3 24. fxe3 Kg7 25. b4 Rc7 26. Bb3 Rdc8 27. Rc2
Ne7 28. Rec1 Rxc2 29. Rxc2 Rxc2 30. Bxc2 Nd5 31. Kf2 Nc3 32. Ke1 Bc6 33. Kd2
Ne4+ 34. Ke1 Nd6 35. Bd3 f6 36. Kf2 g5 37. Nd2 f5 38. g3 Kf6 39. Nc4 Nxc4 40.
Bxc4 e5 41. Ke2 Be4 42. Bb3 exd4 43. exd4 f4 44. gxf4 gxf4 45. Kf2 Ke7 46. h4
Kd6 47. h5 b5 48. Bf7 Ke7 49. Bb3 Kf6 50. Bd1 Kg5 51. Bf3 Bxf3 52. Kxf3 Kxh5
53. Kxf4 Kg6 54. Ke5 Kf7 55. Kd6 h5 56. Kc7 Ke6 57. Kc6 Ke7 1/2-1/2

[Event "Ciutat de Sabadell op A"]
[Site "?"]
[Date "2012.08.30"]
[Round "1"]
[White "Burmakin, V."]
[Black "Ayza Ballester, J."]
[Result "1-0"]
[WhiteElo "2608"]
[BlackElo "2208"]
[PlyCount "44"]
[EventDate "2012.??.??"]
[EventType "swiss"]
[EventRounds "9"]

1. d4 d5 2. Nf3 Nf6 3. g3 g6 4. Bg2 Bg7 5. O-O O-O 6. c4 c6 7. Qb3 b6 8. Nc3
Bb7 9. Rd1 h6 10. Bf4 Qd7 11. Rac1 e6 12. e4 Nxe4 13. Nxe4 dxe4 14. Ne5 Qc8 15.
Bxe4 Nd7 16. c5 Nxe5 17. dxe5 Qc7 18. h4 h5 19. Rd6 bxc5 20. Rxc5 Rfc8 21. Bxg6
Bf8 22. Bxh5 Bg7 1-0

[Event "Ciutat de Sabadell op A"]
[Site "?"]
[Date "2012.08.30"]
[Round "1"]
[White "Dalo, H."]
[Black "Perez Mitjans, O."]
[Result "1-0"]
[WhiteElo "2130"]
[BlackElo "2504"]
[PlyCount "43"]
[EventDate "2012.??.??"]
[EventType "swiss"]
[EventRounds "9"]

1. d4 d5 2. Nf3 c6 3. c4 e6 4. e3 Nd7 5. b3 f5 6. Bd3 Nh6 7. O-O Bd6 8. Ba3
Bxa3 9. Nxa3 O-O 10. Ne5 Nxe5 11. dxe5 Ng4 12. Be2 Nxe5 13. Qd4 Nf7 14. Rfd1
Qe7 15. Nc2 Bd7 16. Rac1 Be8 17. f4 c5 18. Qc3 Rd8 19. Ne1 b6 20. Nf3 Bc6 21.
Ne5 Qf6 22. Nxc6 1-0

[Event "Ciutat de Sabadell op A"]
[Site "?"]
[Date "2012.08.30"]
[Round "1"]
[White "Muñoz Pantoja, M."]
[Black "Asensio Liñan, T."]
[Result "1/2-1/2"]
[WhiteElo "2496"]
[BlackElo "2121"]
[PlyCount "100"]
[EventDate "2012.??.??"]
[EventType "swiss"]
[EventRounds "9"]

1. e4 Nf6 2. e5 d6 3. d4 Nd5 4. c4 Nb6 5. f4 dxe5 6. fxe5 Nc6 7. Be3 Bf5 8. Nc3
e6 9. Nf3 Qd7 10. Be2 O-O-O 11. O-O Bg4 12. c5 Nd5 13. Nxd5 Qxd5 14. Ng5 Bxe2
15. Qxe2 Nxd4 16. Bxd4 Qxd4+ 17. Kh1 Qd2 18. Qxd2 Rxd2 19. Rxf7 Bxc5 20. Nxe6
Bb6 21. Nxg7 Bd4 22. e6 Bxb2 23. Raf1 Bxg7 24. Rxg7 Re8 25. Rxh7 Rxe6 26. Rf8+
Rd8 27. Rxd8+ Kxd8 28. g4 Re7 29. Rh5 b6 30. Rf5 c5 31. Kg2 c4 32. Rf8+ Kc7 33.
h4 b5 34. g5 c3 35. g6 c2 36. Rf1 Re6 37. h5 Re5 38. Rc1 Rxh5 39. Rxc2+ Kd7 40.
Rc3 Rg5+ 41. Rg3 Rxg3+ 42. Kxg3 Ke6 43. Kf4 Kf6 44. Ke4 Kxg6 45. Kd5 Kf6 46.
Kc5 a6 47. Kb6 b4 48. Kxa6 Ke5 49. Kb5 Kd6 50. Kxb4 Kc7 1/2-1/2

[Event "Ciutat de Sabadell op A"]
[Site "?"]
[Date "2012.08.30"]
[Round "1"]
[White "Oms Pallisse, J."]
[Black "Collado Pallas, D."]
[Result "1-0"]
[WhiteElo "2461"]
[BlackElo "2116"]
[PlyCount "86"]
[EventDate "2012.??.??"]
[EventType "swiss"]
[EventRounds "9"]

1. d4 g6 2. c4 Bg7 3. e4 d6 4. Nc3 Nc6 5. Nge2 e5 6. Be3 f5 7. dxe5 Nxe5 8.
exf5 Bxf5 9. Nd4 Ne7 10. Be2 Qd7 11. h3 a6 12. Qd2 Be6 13. Nxe6 Qxe6 14. Nd5
Rc8 15. Nxe7 Qxe7 16. Rd1 Rd8 17. f4 O-O 18. O-O Nc6 19. Bf3 Rde8 20. Rfe1 Qf6
21. b3 Re7 22. Bd5+ Kh8 23. g3 Rfe8 24. Bf2 Qc3 25. Rxe7 Rxe7 26. Qxc3 Bxc3 27.
Kf1 Nd8 28. c5 dxc5 29. Bc4 Bd4 30. Bxd4+ cxd4 31. Rxd4 Nc6 32. Rd2 Kg7 33. Kf2
Kf6 34. h4 b5 35. Bf1 Nb4 36. Bg2 a5 37. g4 c5 38. g5+ Kf7 39. Bf1 Nc6 40. Rd5
c4 41. Rxb5 Nd4 42. Rd5 Nf5 43. Bxc4 a4 {IRREPRODUCIBLE} 1-0

[Event "Ciutat de Sabadell op A"]
[Site "?"]
[Date "2012.08.30"]
[Round "1"]
[White "Orozco, LY."]
[Black "Cordova Daza, E."]
[Result "0-1"]
[WhiteElo "2150"]
[BlackElo "2572"]
[PlyCount "62"]
[EventDate "2012.??.??"]
[EventType "swiss"]
[EventRounds "9"]

1. e4 c5 2. Nf3 a6 3. c4 e6 4. d4 cxd4 5. Nxd4 Nf6 6. Bd3 d6 7. Nc3 b6 8. O-O
Bb7 9. Be3 Nbd7 10. f3 Rc8 11. Rc1 Be7 12. Nc2 O-O 13. Kh1 Qc7 14. Be2 Qb8 15.
Qe1 Rfe8 16. Bg1 Bd8 17. b4 Bc7 18. a4 d5 19. cxd5 exd5 20. Bd3 Ne5 21. Qd2
Nxd3 22. Qxd3 dxe4 23. fxe4 Nxe4 24. Nxe4 Bxe4 25. Qb3 Bf4 26. Ne3 Rxc1 27.
Rxc1 Qb7 28. Qa2 h5 29. Re1 h4 30. Nd5 h3 31. Nxf4 Bxg2+ 0-1

[Event "Ciutat de Sabadell op A"]
[Site "?"]
[Date "2012.08.30"]
[Round "1"]
[White "Segarra Calderer, A."]
[Black "Rojas Keim, LA."]
[Result "1/2-1/2"]
[WhiteElo "2077"]
[BlackElo "2426"]
[PlyCount "138"]
[EventDate "2012.??.??"]
[EventType "swiss"]
[EventRounds "9"]

1. c4 e5 2. Nc3 Nf6 3. g3 c6 4. Bg2 d5 5. cxd5 cxd5 6. d4 exd4 7. Qxd4 Nc6 8.
Qd1 Bc5 9. e3 d4 10. exd4 Nxd4 11. Nge2 O-O 12. Nxd4 Bxd4 13. O-O Ng4 14. h3
Ne5 15. Bf4 Nd3 16. Qd2 Bxc3 17. Qxc3 Nxf4 18. gxf4 Qb6 19. Rad1 Be6 20. a3
Rac8 21. Qd4 Qxd4 22. Rxd4 b6 23. Rfd1 g6 24. Kh2 Rc2 25. R1d2 Rfc8 26. Kg3 Kg7
27. Be4 Rc1 28. Rd1 Kf6 29. Rxc1 Rxc1 30. Rd2 h5 31. Kg2 Rc4 32. f3 h4 33. Rc2
Rd4 34. Kf2 Rd1 35. Kg2 a5 36. Bc6 Bb3 37. Re2 Be6 38. Be4 Bc4 39. Rc2 b5 40.
Kf2 a4 41. Kg2 Rd4 42. Kf2 Ke6 43. Ke3 Rd1 44. Kf2 f5 45. Bc6 Rd6 46. Ba8 Kd7
47. Ke1 Kc7 48. Rd2 Bd3 49. Kf2 Bc4 50. Rxd6 Kxd6 51. Bb7 Be6 52. Ke3 Kc5 53.
Ba8 Bc4 54. Bb7 Be6 55. Kd2 Bc4 56. Ke3 b4 57. Bc8 Bb5 58. Be6 Be8 59. Bg8 bxa3
60. bxa3 Kd6 61. Bc4 Ke7 62. Kd4 Kf6 63. Ke3 Bc6 64. Be2 g5 65. fxg5+ Kxg5 66.
f4+ Kf6 67. Bf3 Bb5 68. Bg2 Ke6 69. Kd4 Kf6 {IRREPRODUCIBLE} 1/2-1/2

[Event "Ciutat de Sabadell op A"]
[Site "?"]
[Date "2012.08.31"]
[Round "2"]
[White "Alarcon Casellas, R."]
[Black "Fernandez Cazorla, A."]
[Result "1-0"]
[WhiteElo "2471"]
[BlackElo "2250"]
[PlyCount "81"]
[EventDate "2012.??.??"]
[EventType "swiss"]
[EventRounds "9"]

1. e4 c5 2. Nf3 e6 3. d4 cxd4 4. Nxd4 Qc7 5. Nc3 Nc6 6. Be3 a6 7. Qd2 Nf6 8.
O-O-O Be7 9. f3 O-O 10. g4 b5 11. g5 Nh5 12. Kb1 Rd8 13. Qf2 b4 14. Na4 Bb7 15.
Nb3 d5 16. Bb6 Qe5 17. Bxd8 Rxd8 18. Qb6 dxe4 19. Bxa6 Bxa6 20. Qxa6 Qc7 21.
Rxd8+ Nxd8 22. fxe4 Bxg5 23. Qb5 Qe7 24. Rd1 g6 25. Nb6 Kg7 26. Nd7 f5 27. Qe5+
Nf6 28. exf5 gxf5 29. Nbc5 Kh6 30. h4 Bxh4 31. Qf4+ Bg5 32. Rh1+ Nh5 33. Qf3
Qe8 34. Nf8 Bf6 35. Ncxe6 Nxe6 36. Nxe6 Qxe6 37. Qxh5+ Kg7 38. Qxh7+ Kf8 39.
Rg1 Bd4 40. Rf1 Bf2 41. Qb7 1-0

[Event "Ciutat de Sabadell op A"]
[Site "?"]
[Date "2012.08.31"]
[Round "2"]
[White "Capellades Subirana, M."]
[Black "Arenas, D."]
[Result "0-1"]
[WhiteElo "2237"]
[BlackElo "2406"]
[PlyCount "94"]
[EventDate "2012.??.??"]
[EventType "swiss"]
[EventRounds "9"]

1. e4 c5 2. Nf3 d6 3. d4 Nf6 4. Nc3 cxd4 5. Nxd4 a6 6. Be2 Nbd7 7. a4 g6 8. Be3
Bg7 9. Qd2 Ne5 10. h3 Qc7 11. Bh6 Bxh6 12. Qxh6 Nc4 13. O-O Nxb2 14. Qg7 Rf8
15. Nd5 Nxd5 16. exd5 Bd7 17. Nb5 axb5 18. axb5 Na4 19. Qd4 Qxc2 20. Bc4 Rc8
21. Bd3 Qc3 22. Rxa4 Qxd4 23. Rxd4 f6 24. Rh4 Rc5 25. Rxh7 Bf5 26. Ra1 Kd7 27.
Be2 Rxd5 28. b6 Be4 29. Re1 Re5 30. f4 Re6 31. Ra1 d5 32. Bb5+ Kd6 33. Ra7 Kc5
34. Bd7 Rxb6 35. Rxe7 Rb1+ 36. Kf2 Rb2+ 37. Ke1 b5 38. Bg4 b4 39. Be2 Kd4 40.
Rad7 Ra8 41. Rxe4+ Kxe4 42. Bf3+ Kxf4 43. Rxd5 Ra1+ 44. Bd1 Rxg2 45. Kf1 Rh2
46. Kg1 Rb2 47. h4 Rbb1 0-1

[Event "Ciutat de Sabadell op A"]
[Site "?"]
[Date "2012.08.31"]
[Round "2"]
[White "Clavijo, JM."]
[Black "Aroshidze, L."]
[Result "0-1"]
[WhiteElo "2319"]
[BlackElo "2568"]
[PlyCount "78"]
[EventDate "2012.??.??"]
[EventType "swiss"]
[EventRounds "9"]

1. d4 Nf6 2. c4 e6 3. Nf3 c5 4. d5 exd5 5. cxd5 d6 6. Nc3 g6 7. g3 Bg7 8. Bg2
O-O 9. O-O Re8 10. Re1 a6 11. a4 Nbd7 12. Bf4 Ng4 13. h3 Nge5 14. Nd2 Rb8 15.
Nce4 Qc7 16. Qc2 b5 17. axb5 axb5 18. b4 c4 19. Nc3 Nf6 20. Ra5 Nd3 21. Rea1
Nxf4 22. gxf4 Nh5 23. e3 Bf5 24. Qc1 Qc8 25. Kh2 g5 26. Rxb5 gxf4 27. e4 Bd7
28. Rxb8 Qxb8 29. Rb1 Qa7 30. Nd1 c3 31. Nc4 Qa2 32. Nxd6 c2 33. Rb2 cxd1=Q 34.
Qxd1 Qxb2 35. Nxe8 Be5 36. Qxh5 f3+ 37. Kg1 Qb1+ 38. Bf1 Bb5 39. Kh1 Qxf1# 0-1